Statistics for 50 Countries With Highest Christian Persecution

Click here to take the quiz!

General Stats

  • This quiz has been taken 138 times
  • The average score is 38 of 50

Answer Stats

RankCountry% Correct
23China
95%
16Egypt
90%
9Iran
90%
10India
89%
1North Korea
89%
5Pakistan
89%
2Afghanistan
88%
15Iraq
88%
3Somalia
88%
47United Arab Emirates
88%
8Yemen
88%
13Saudi Arabia
86%
11Syria
86%
50Niger
85%
7Sudan
83%
49Indonesia
82%
26Morocco
82%
12Nigeria
82%
27Qatar
82%
46Russia
82%
29Mali
81%
42Oman
81%
34Tunisia
80%
36Turkey
80%
21Vietnam
80%
33Jordan
79%
4Libya
79%
17Algeria
78%
40Malaysia
77%
6Eritrea
75%
20Laos
75%
22Turkmenistan
75%
19Myanmar
73%
18Uzbekistan
73%
38Bangladesh
72%
35Kazakhstan
72%
43Kuwait
72%
24Mauritania
72%
31Tajikistan
72%
30Sri Lanka
70%
39Ethiopia
69%
32Nepal
69%
14Maldives
63%
44Kenya
62%
45Bhutan
61%
37Brunei
61%
28Burkina Faso
58%
25Central African Republic
54%
48Cameroon
52%
41Colombia
35%

Score Distribution

Percentile by Number Answered

Percent of People with Each Score

Your Score History

You have not taken this quiz